000 01619cam a2200301 4500
001 1715335
003 ARRUPE
005 20131023111811.0
008 731116s1973 mau b 000 0 eng
010 _a 72013639
020 _a0669817376
040 _aDLC
_cDLC
_dDLC
050 0 0 _aBR115.E3
_bG7 1973
100 1 _aGreen, Robert W.,
_eed.
_92723
245 1 0 _aProtestantism, capitalism, and social science;
_bthe Weber thesis controversy.
_cEdited and with an introd. by Robert W. Green.
250 _a2d ed.
260 _aLexington, Mass.,
_bHeath
_c[1973]
300 _axviii, 195 p.
_c21 cm.
440 0 _aProblems in European civilization
_92724
500 _aPublished in 1959 under title: Protestantism and capitalism.
505 0 _aWeber, M. The author defines his purpose.--Fullerton, K. Calvinism and capitalism: an explanation of the Weber thesis.--Warner, R. S. Weber's sociology of nonwestern religions.--Robertson, H. M. A criticism of Max Weber and his school.--Tawney, R. H. Religion and the rise of capitalism.--Samuelsson, K. Religion and economic action.--Hansen, N. M. Sources of economic rationality.--Hughes, H. S. Weber's search for rationality in Western society.--Mazlish, B. Arthur Mitzman's psycho-historical study of Max Weber.--Bibliography (p. 191-195)
600 1 0 _aWeber, Max,
_d1864-1920.
_tProtestantische Ethik und der Geist des Kapitalismus.
_92725
650 0 _aEconomics
_xReligious aspects
_xChristianity.
_92726
650 0 _aReligion and sociology.
_92727
650 0 _aCapitalism.
_93
906 _a7
_bcbc
_corignew
_d2
_eocip
_f19
_gy-gencatlg
942 _2lcc
_cMONOGRAPH
999 _c118395
_d118395